Vplyv faktorov prostredia na termorezistenciu &-lt;i&-gt;Staphylococcus aureus&-lt;/i&-gt;
Gespeichert in:
| 1. Verfasser: | |
|---|---|
| Weitere Verfasser: | |
| Format: | Manuskript Buch |
| Sprache: | Slowakisch |
| Veröffentlicht: |
2020
|
| Schlagworte: | |
| Online-Zugang: | http://is.stuba.sk/zp/portal_zp.pl?podrobnosti=150836 |
| Tags: |
Keine Tags, Fügen Sie das erste Tag hinzu!
|
MARC
| LEADER | 00000ntm a22000003a 4500 | ||
|---|---|---|---|
| 001 | stuzp78551 | ||
| 003 | SK-STU | ||
| 005 | 20200627210350.2 | ||
| 007 | ta | ||
| 008 | 150427s2015----xo-----f-mn---000-0-slo-d | ||
| 040 | |a STU |b slo | ||
| 041 | 0 | |a slo | |
| 100 | 1 | |a Zelmanová, Barbora |u 040270 |4 aut |U FCHPT Ústav potravinárstva a výživy |T FCHPT Oddelenie výživy a hodnotenia kvality potravín |X 76928 |U C0270 |Y 686 |7 76928 | |
| 242 | 0 | 1 | |a Effect of environmental factors on Staphylococcus aureus thermoresistance |y eng |
| 245 | 1 | 0 | |a Vplyv faktorov prostredia na termorezistenciu &-lt;i&-gt;Staphylococcus aureus&-lt;/i&-gt; |
| 260 | |c 2020 | ||
| 650 | 4 | |a Staphylococcus aureus |2 slo | |
| 650 | 4 | |a prediktívna mikrobiológia |2 slo | |
| 650 | 4 | |a termorezistencia |2 slo | |
| 650 | 4 | |a t4D- hodnota |2 slo | |
| 650 | 4 | |a z-hodnota |2 slo | |
| 650 | 4 | |a Staphylococcus aureus |2 eng | |
| 650 | 4 | |a predictive microbiology |2 eng | |
| 650 | 4 | |a heat resistance |2 eng | |
| 650 | 4 | |a t4D -value |2 eng | |
| 650 | 4 | |a z-value |2 eng | |
| 700 | 1 | |a Medveďová, Alžbeta |u 040270 |k Z1 |4 ths |U FCHPT Ústav potravinárstva a výživy |T FCHPT Oddelenie výživy a hodnotenia kvality potravín |X 19372 |U C0270 |Y 686 |7 A000019372 | |
| 856 | 4 | |u http://is.stuba.sk/zp/portal_zp.pl?podrobnosti=150836 | |